000 00498nam a22001817a 4500
999 _c12160
_d12160
008 220607b 2012 ||||| |||| 00| 0 eng d
020 _a9780070151314
082 _a621.4021
_bNAG
100 _aNag, P. K.
245 _aBasic and applied thermodynamics
250 _a2nd
260 _aNew Delhi
_bTata McGraw Hill Education (India) Pvt. Ltd.
_c2012
300 _axvi, 846p.
650 _aGas power Cycles
650 _aRefrigeration Cycles
650 _aVapou Power Cycles
942 _cGB